| 000 | 00353nam a2200133Ia 4500 | ||
|---|---|---|---|
| 008 | 240624s9999 xx 000 0 und d | ||
| 041 | _aeng | ||
| 082 | _a005.1 HOR | ||
| 100 | _aHOROWITZ ELLIS | ||
| 245 | _aFUNDAMENTALS OF COMPUTER ALGORITHMS | ||
| 260 |
_c2005 _aNew Delhi _bGalgotia Publications |
||
| 300 | _axxii, : 769 : p. : cm. ; 24 | ||
| 365 | _cRS | ||
| 999 |
_c3024 _d3024 |
||